Dictionnaire des arts et manufactures et de l'agriculture (Record no. 156771)

MARC details
000 -LEADER
campo de control de longitud fija 00877nam a2200205 i 4500
001 - NÚMERO DE CONTROL
campo de control 156771
003 - IDENTIFICADOR DE NÚMERO DE CONTROL
campo de control ES-MaACL
005 - FECHA Y HORA DE LA ÚLTIMA TRANSACCIÓN
campo de control 20230906210507.0
008 - DATOS DE LONGITUD FIJA--INFORMACIÓN GENERAL
campo de control de longitud fija 000801s1874 fr a |||| | fre d
100 1# - ENTRADA PRINCIPAL--NOMBRE DE PERSONA
Nombre de persona Laboulaye, Charles (
Fechas asociadas al nombre 1813-1886 )
9 (RLIN) 128548
245 10 - MENCIÓN DEL TÍTULO
Título Dictionnaire des arts et manufactures et de l'agriculture
Resto del título : description des procédés de l'industrie française et étrangère /
Mención de responsabilidad, etc. par M. Ch. Laboulaye.
250 ## - MENCION DE EDICION
Mención de edición 4ème éd.
260 ## - PUBLICACIÓN, DISTRIBUCIÓN, ETC.
Lugar de publicación, distribución, etc. Paris :
Nombre del editor, distribuidor, etc. Librairie du Dictionaire des Arts et Manufactures,
Fecha de publicación, distribución, etc. 1874 (
Fabricante Viéville et Capiomont)
300 ## - DESCRIPCIÓN FÍSICA
Extensión 3 v. ;
Dimensiones 27 cm.
490 1# - MENCIÓN DE SERIE
Mención de serie Encyclopédie technologique
650 #4 - PUNTO DE ACCESO ADICIONAL DE MATERIA--TÉRMINO DE MATERIA
Término de materia o nombre geográfico como elemento de entrada Tecnología-
Subdivisión de forma Enciclopedias.
9 (RLIN) 143700
830 0# - PUNTO DE ACCESO ADICIONAL DE SERIE-TÍTULO UNIFORME
Título uniforme Encyclopédie technologique
9 (RLIN) 221717
852 ## - LOCALIZACIÓN
Ubicación ES-MaACL
Número de control de estantería G-12253-56
Nota libre - Enc. hol.
Encuadernación - Edic.: Hay un t.IV (Complément) de la 4e éd. fechado en 1875
Holdings
Estatus retirado Estado de pérdida Estado de daño No para préstamo Colección Biblioteca de origen Biblioteca actual Ubicación en estantería Fecha de adquisición Total de préstamos Signatura topográfica completa Código de barras Visto por última vez Precio de reemplazo Tipo de ítem Koha
        Libros del s. XIX Biblioteca del Ateneo de Madrid Biblioteca del Ateneo de Madrid Sala Pecera Planta 3 17/01/2008   G-12253-56 1164017 23/02/2023 23/02/2023 Libro impreso antiguo